| 000 | 00684nam a2200157 a 4500 | ||
|---|---|---|---|
| 001 | 000030590 | ||
| 005 | 20200930062409.0 | ||
| 008 | 110524s1960 dr c 000 | spa d | ||
| 040 |
_aDO-SdBNP _bspa _cBNPHU |
||
| 082 |
_axxx _bV162c |
||
| 100 | 1 |
_aValera Benitez, Rafael, _d1928- _957193 |
|
| 245 | 1 | 1 |
_a¡Complot develado! : _bgénesis y evolución del movimiento conspirativo celular "14 de junio" contra el gobierno dominicano, descubierto por el "SIM" en enero de 1960 / _cR. Valera Benitez. |
| 260 |
_aCiudad Trujillo, República Dominicna : _bHandicap, _c1960. |
||
| 300 |
_a392 p. : _bretrs. ; _c23 cm. |
||
| 500 | _aIncluye referencias bibliográficas y notas al pie de las páginas. | ||
| 999 |
_c30082 _d30082 |
||